000 01419cab a2200265 4500
001 ##L135252
008 061009n2006 000 0 eng u
035 _a(Sirsi) u135252
041 0 _aeng
100 1 _aFox, Alasdair G.
245 0 0 _aVictories for tenants?
260 _c2006
490 0 _aJournal of the Law Society of Scotland
_v51(9) September, 40(1)
520 _aExamines two recent decisions that have broken new ground on the legal position of joint tenancies of agricultural holdings in Scotland: "Stephen v Trustees of Cawdor Marriage Settlement Trust" and "Salvesen v Graham". They also throw new light on the circumstances in which an interest in a joint tenancy remains in being. In "Stephen" it was found that an interest which had already been extinguished was not available to be terminated at a later date. In "Graham" it was concluded that a tenancy in common is a single tenancy and that the joint tenants form a single entity. Both cases are now subject to appeal.
590 _aIKA171006
650 2 4 _aSUCCESSION (SCOTLAND) ACT 1964
650 2 4 _aSTEPHEN V TRUSTEES OF CAWDOR MARRIAGE SETTLEMENT TRUST
650 2 4 _aSALVESEN V GRAHAM
650 2 4 _aAGRICULTURAL HOLDINGS (SCOTLAND) ACT 1991
650 2 4 _aSMITH V GRAYTON ESTATES LTD
650 2 4 _aCOATS V LOGAN
651 4 _aScotland
_y1999-
690 _aPROPERTY-RURAL AND NATURAL ASSETS-AGRICULTURAL PROPERTY
942 _n0
999 _c77840
_d77840